<?xml version="1.0" encoding="UTF-8"?>
<marc:record xmlns:marc="http://www.loc.gov/MARC21/slim">
   <marc:leader>00000nam a2200000 a 4500</marc:leader>
   <marc:datafield ind1="1" ind2=" " tag="100">
      <marc:subfield code="a">Renoldner, Klemens</marc:subfield>
      <marc:subfield code="4">edt</marc:subfield>
      <marc:subfield code="e">Bearbeiter/-in</marc:subfield>
   </marc:datafield>
   <marc:datafield ind1=" " ind2=" " tag="653">
      <marc:subfield code="a">Zweig</marc:subfield>
   </marc:datafield>
   <marc:datafield ind1=" " ind2=" " tag="653">
      <marc:subfield code="a">Stefan</marc:subfield>
   </marc:datafield>
   <marc:datafield ind1=" " ind2=" " tag="653">
      <marc:subfield code="a">Exil</marc:subfield>
   </marc:datafield>
   <marc:datafield ind1=" " ind2=" " tag="653">
      <marc:subfield code="a">Stefan Zweig</marc:subfield>
   </marc:datafield>
   <marc:datafield ind1=" " ind2=" " tag="653">
      <marc:subfield code="a">Schriftsteller</marc:subfield>
   </marc:datafield>
   <marc:datafield ind1=" " ind2=" " tag="653">
      <marc:subfield code="a">Briefe</marc:subfield>
   </marc:datafield>
   <marc:datafield ind1=" " ind2=" " tag="653">
      <marc:subfield code="a">Textzeugnisse</marc:subfield>
   </marc:datafield>
   <marc:datafield ind1=" " ind2=" " tag="653">
      <marc:subfield code="a">Schachnovelle</marc:subfield>
   </marc:datafield>
   <marc:datafield ind1=" " ind2=" " tag="653">
      <marc:subfield code="a">Softcover / Sachbücher/Kunst</marc:subfield>
   </marc:datafield>
   <marc:datafield ind1=" " ind2=" " tag="653">
      <marc:subfield code="a">Literatur/Biographien</marc:subfield>
   </marc:datafield>
   <marc:datafield ind1=" " ind2=" " tag="653">
      <marc:subfield code="a">Autobiographien</marc:subfield>
   </marc:datafield>
   <marc:datafield ind1=" " ind2=" " tag="653">
      <marc:subfield code="a">Ausstellungskatalog</marc:subfield>
   </marc:datafield>
   <marc:datafield ind1=" " ind2=" " tag="653">
      <marc:subfield code="a">Konferenzschrift</marc:subfield>
   </marc:datafield>
   <marc:datafield ind1=" " ind2=" " tag="653">
      <marc:subfield code="a">Ausstellung</marc:subfield>
   </marc:datafield>
   <marc:datafield ind1="0" ind2="0" tag="245">
      <marc:subfield code="a">Stefan Zweig</marc:subfield>
   </marc:datafield>
   <marc:datafield ind1="0" ind2="0" tag="245">
      <marc:subfield code="b">Abschied von Europa ; [anlässlich der Ausstellung Wir Brauchen Einen Ganz Anderen Mut! Stefan Zweig - Abschied von Europa ; Theatermuseum Wien 3.4.2014 - 12.1.2015</marc:subfield>
   </marc:datafield>
   <marc:datafield ind1="0" ind2="0" tag="245">
      <marc:subfield code="c">Theatermuseum. Hrsg. Klemens Renoldner. [Übers.: Erich Hackl ; Ines Schütz</marc:subfield>
   </marc:datafield>
   <marc:datafield ind1=" " ind2="1" tag="264">
      <marc:subfield code="a">Wien</marc:subfield>
      <marc:subfield code="b">Brandstätter</marc:subfield>
      <marc:subfield code="c">2014</marc:subfield>
   </marc:datafield>
   <marc:datafield ind1=" " ind2=" " tag="250">
      <marc:subfield code="a">1. Aufl.</marc:subfield>
   </marc:datafield>
   <marc:datafield ind1="1" ind2=" " tag="520">
      <marc:subfield code="a">Angaben aus der Verlagsmeldung

Stefan Zweig : Abschied von Europa / von Klemens Renoldner

Seine Autobiografie Die Welt von Gestern
und die weltberühmte Schachnovelle
sind die letzten Werke, die der große
österreichische Schriftsteller Stefan Zweig
vollendet hat. Schon 1934 verließ er Österreich,
weil er Hitlers Aufstieg als Bedrohung
für sein Heimatland erkannt hat. Sechs Jahre
lebte er im Exil in England, dann begann sein
Abschied von Europa. Verzweifelt über den
Krieg und die Verfolgung der Juden nahm er
sich, gemeinsam mit seiner zweiten Frau
Lotte, in Petropolis, im brasilianischen Exil
das Leben.
Die Erinnerung an Wien und Österreich
dominierte sein literarisches Schaffen der
letzten Jahre. In Romanprojekten, Erzählungen
und Essays erinnert er sich immer
wieder an die Epoche der Kunstbegeisterung
Wiens vor 1914. Und er bearbeitet auf vielfältige
Weise die Traumata des Kriegs.
In diesem mit vielen Fotos und Dokumenten
illustrierten Lesebuch präsentieren internationale
Kritiker, Autoren und Literaturwissenschaftler
das späte Erbe des großen österreichischen
Schriftstellers. Wenig bekannte
Texte und Manuskripte aus dem Nachlass
werden vorgestellt, Texte aus Stefan Zweigs
Nachlass werden erstmals veröffentlicht.
</marc:subfield>
   </marc:datafield>
   <marc:datafield ind1=" " ind2=" " tag="020">
      <marc:subfield code="a">9783850336581</marc:subfield>
      <marc:subfield code="9">9783850336581</marc:subfield>
   </marc:datafield>
   <marc:datafield ind1=" " ind2=" " tag="020">
      <marc:subfield code="a">3850336581</marc:subfield>
      <marc:subfield code="9">3850336581</marc:subfield>
   </marc:datafield>
   <marc:datafield ind1=" " ind2=" " tag="041">
      <marc:subfield code="a">ger</marc:subfield>
   </marc:datafield>
   <marc:datafield ind1=" " ind2=" " tag="300">
      <marc:subfield code="a">303 S.</marc:subfield>
   </marc:datafield>
</marc:record>
